• 首页
  • 本馆介绍
  • 公告通知
  • 最新文献
  • 馆藏检索
  • 电子资源
  • 读者导购
  • 参考咨询
  • 我的图书馆
  • 登录
  • 详细信息显示
  • 放入我的书架
  • 预约/预借图书
  • 作者相关作品
  • 分类相关作品
  • 丛书相关作品
  • 出版社相关作品

书目信息

  • 表格格式
  • 工作单格式
  • 卡片格式
题名:
国家地理100自然奇观
    
 
作者: ;梦想之旅编委会 编著
分册:  
出版信息: 北京   北京联合出版公司  2011.11
页数: 239页
开本: 25cm
丛书名: 梦想之旅
单 册:
中图分类: P941-49
科图分类:
主题词: 自然地理--世界--普及读物 , 自然地理
电子资源:
ISBN: 978-7-5502-0334-1
000 00955oam2 2200277 450
001 005547653
005 20130609084106.06
010    @a978-7-5502-0334-1@dCNY29.90
035    @a005547653
100    @a20120104d2011 em y0chiy0110 ea
101 0  @achi
102    @aCN@b110000
105    @aa z 000yy
106    @ar
200 1  @a国家地理100自然奇观@9guo jia di li 100 zi ran qi guan@f《梦想之旅》编委会编著
210    @a北京@c北京联合出版公司@d2011.11
215    @a239页@c彩图@d25cm
225 2  @a梦想之旅
330    @a本书以15个角度俯瞰世界,追寻人类生命本源的15个方向,开启自然赠予人类的26个礼物,尽享世间奇幻的22道风景,探秘地球上22处秘境,内容包括:阿尔卑斯山脉、易北河、黄石、挪威峡湾、巨人之路等。
461  0 @12001 @a梦想之旅
606 0  @a自然地理@y世界@j普及读物
606 0  @a自然地理
690    @aP941-49@v4
711 02 @a梦想之旅编委会@9meng xiang zhi lv bian wei hui@4编著
801  0 @aCN@bNLC@c20120214
905    @dP941-49@e142
    
    国家地理100自然奇观/《梦想之旅》编委会编著.-北京:北京联合出版公司,2011.11
    239页:彩图;25cm.-(梦想之旅)
    
    
    ISBN 978-7-5502-0334-1:CNY29.90
    本书以15个角度俯瞰世界,追寻人类生命本源的15个方向,开启自然赠予人类的26个礼物,尽享世间奇幻的22道风景,探秘地球上22处秘境,内容包括:阿尔卑斯山脉、易北河、黄石、挪威峡湾、巨人之路等。
●
相关链接 在E读中查询图书 在五车中查询图书 在当当中查询图书 在豆瓣中查询图书


正题名:国家地理100自然奇观     索取号:P941-49/142         预约/预借

序号 登录号 条形码 馆藏地/架位号 状态 备注
1 0544235   205442350   第二样本阅览室/ [索取号:P941-49/142] 在馆    
2 0544236   205442369   第三借阅区/ [索取号:P941-49/142] 在馆    
3 0544237   205442378   第三借阅区/ [索取号:P941-49/142] 在馆    
4 0544238   205442387   第三借阅区/ [索取号:P941-49/142] 在馆    
5 0544239   205442396   第三借阅区/ [索取号:P941-49/142] 在馆    
唐山师范学院图书馆 欢迎您!
大连网信软件有限公司© 版权所有